| 000 | 00504nam a2200193Ia 4500 | ||
|---|---|---|---|
| 003 | OSt | ||
| 005 | 20260519092120.0 | ||
| 008 | 210210b1987 xxu||||| |||| 00| 0 eng d | ||
| 040 | _cAL | ||
| 041 | _aKonkani | ||
| 082 | _a891.463 AGES | ||
| 100 |
_aAGERA (Sten). _dಸ್ಟೇನ್ ಅಗೇರಾ _9264126 |
||
| 245 |
_aSodnan. _bಸೊದ್ನಾಂ |
||
| 260 |
_aManglur. _bPunav Prakashan., _c1987 |
||
| 300 | _a128 | ||
| 690 |
_aKonkani Fiction _9264127 |
||
| 906 | _a050130 | ||
| 942 |
_2ddc _cBK |
||
| 999 |
_c98990 _d98990 |
||